[Event "Fajr-urmia"]
[Site "urmia"]
[Date "2015.02.19"]
[Round "3.1"]
[White "Mirzoev, Azer"]
[Black "Gholami Orimi, Mahdi"]
[Result "1-0"]
[LiveChessVersion "1.4.4"]
[BlackElo "1925"]
[WhiteElo "2556"]

1. d4 {[%clk 1:30:57]} Nf6 {[%clk 1:30:46]} 2. Nf3 {[%clk 1:31:22]} e6
{[%clk 1:31:00]} 3. c4 {[%clk 1:31:42]} b6 {[%clk 1:31:18]} 4. Nc3
{[%clk 1:31:44]} Bb4 {[%clk 1:27:18]} 5. Qc2 {[%clk 1:32:09]} Bb7
{[%clk 1:19:32]} 6. a3 {[%clk 1:32:34]} Bxc3+ {[%clk 1:19:48]} 7. Qxc3
{[%clk 1:33:01]} O-O {[%clk 1:19:48]} 8. g3 {[%clk 1:32:16]} d6 {[%clk 1:20:00]}
9. Bg2 {[%clk 1:32:41]} Nbd7 {[%clk 1:20:16]} 10. O-O {[%clk 1:33:04]} Qe7
{[%clk 1:20:30]} 11. Rd1 {[%clk 1:33:26]} Rad8 {[%clk 1:19:21]} 12. b4
{[%clk 1:33:14]} c5 {[%clk 1:14:34]} 13. Bb2 {[%clk 1:31:49]} Rfe8
{[%clk 1:13:28]} 14. Rac1 {[%clk 1:31:13]} Nf8 {[%clk 1:12:50]} 15. Bh3
{[%clk 1:28:53]} Ng6 {[%clk 1:10:31]} 16. Qe3 {[%clk 1:28:14]} cxd4
{[%clk 1:05:46]} 17. Nxd4 {[%clk 1:27:28]} Ba8 {[%clk 1:02:40]} 18. Nb5
{[%clk 1:22:38]} d5 {[%clk 0:55:26]} 19. c5 {[%clk 1:04:11]} a6 {[%clk 0:45:41]}
20. Bxf6 {[%clk 0:59:50]} gxf6 {[%clk 0:45:01]} 21. Nd4 {[%clk 1:00:10]} bxc5
{[%clk 0:44:42]} 22. Rxc5 {[%clk 0:59:39]} f5 {[%clk 0:35:45]} 23. Rdc1
{[%clk 0:58:31]} Qf6 {[%clk 0:31:43]} 24. f4 {[%clk 0:58:01]} e5 {[%clk 0:29:02]}
25. fxe5 {[%clk 0:58:07]} Rxe5 {[%clk 0:29:30]} 26. Qf2 {[%clk 0:58:20]} f4
{[%clk 0:29:27]} 27. Rc8 {[%clk 0:57:59]} Ree8 {[%clk 0:26:16]} 28. Rxd8
{[%clk 0:58:14]} Rxd8 {[%clk 0:26:43]} 29. e3 {[%clk 0:57:35]} f3
{[%clk 0:26:34]} 30. Qxf3 {[%clk 0:57:32]} Qe7 {[%clk 0:26:13]} 31. Rc3
{[%clk 0:57:13]} Bb7 {[%clk 0:25:41]} 32. Bf5 {[%clk 0:56:06]} Rd6
{[%clk 0:23:59]} 33. h4 {[%clk 0:54:46]} Rf6 {[%clk 0:22:52]} 34. Qg4
{[%clk 0:52:43]} Kh8 {[%clk 0:22:14]} 35. Qg5 {[%clk 0:51:33]} Ne5
{[%clk 0:20:23]} 36. Rc7 {[%clk 0:42:15]} Qxc7 {[%clk 0:20:39]} 37. Qxf6+
{[%clk 0:42:40]} Kg8 {[%clk 0:21:00]} 38. Kg2 {[%clk 0:39:39]} 1-0

[Event "Fajr-urmia"]
[Site "urmia"]
[Date "2015.02.19"]
[Round "3.2"]
[White "Starostits, Ilmars"]
[Black "Movahedi, Yashar"]
[Result "1-0"]
[LiveChessVersion "1.4.4"]
[BlackElo "1625"]
[WhiteElo "2454"]

1. d4 {[%clk 1:30:56]} d5 {[%clk 1:28:11]} 2. c4 {[%clk 1:31:17]} e6
{[%clk 1:28:07]} 3. Nf3 {[%clk 1:31:40]} Be7 {[%clk 1:28:15]} 4. Nc3
{[%clk 1:32:03]} Nf6 {[%clk 1:28:36]} 5. Bf4 {[%clk 1:31:39]} O-O
{[%clk 1:27:52]} 6. Qc2 {[%clk 1:31:33]} c6 {[%clk 1:22:10]} 7. e3
{[%clk 1:31:09]} Nbd7 {[%clk 1:20:11]} 8. h3 {[%clk 1:29:55]} Qa5
{[%clk 1:19:27]} 9. Nd2 {[%clk 1:29:02]} Bb4 {[%clk 1:14:36]} 10. Bd3
{[%clk 1:27:16]} Re8 {[%clk 1:12:55]} 11. cxd5 {[%clk 1:23:20]} exd5
{[%clk 1:13:04]} 12. O-O {[%clk 1:23:22]} Nf8 {[%clk 1:12:17]} 13. a3
{[%clk 1:20:39]} Bxc3 {[%clk 1:08:19]} 14. bxc3 {[%clk 1:20:54]} Ng6
{[%clk 1:00:30]} 15. Bh2 {[%clk 1:20:12]} b6 {[%clk 0:53:44]} 16. a4
{[%clk 1:20:17]} Ne4 {[%clk 0:49:44]} 17. Nb3 {[%clk 1:20:11]} Qxc3
{[%clk 0:49:43]} 18. Bxe4 {[%clk 1:20:35]} Qxc2 {[%clk 0:48:48]} 19. Bxc2
{[%clk 1:21:00]} Ba6 {[%clk 0:49:10]} 20. Rfc1 {[%clk 1:21:08]} Bc4
{[%clk 0:49:01]} 21. Nd2 {[%clk 1:21:12]} b5 {[%clk 0:48:37]} 22. Bd6
{[%clk 1:20:44]} a5 {[%clk 0:47:58]} 23. Nxc4 {[%clk 1:18:26]} dxc4
{[%clk 0:48:13]} 24. Rab1 {[%clk 1:18:24]} Red8 {[%clk 0:47:35]} 25. Bg3
{[%clk 1:18:34]} Rd5 {[%clk 0:43:36]} 26. Be4 {[%clk 1:18:53]} 1-0

[Event "Fajr-urmia"]
[Site "urmia"]
[Date "2015.02.19"]
[Round "3.3"]
[White "Hatamov, Bahaddin"]
[Black "Asgarizadeh, Ahmad"]
[Result "0-1"]
[LiveChessVersion "1.4.4"]
[BlackElo "2424"]
[WhiteElo "1625"]

1. e4 {[%clk 1:30:30]} d6 {[%clk 1:29:58]} 2. d4 {[%clk 1:30:19]} g6
{[%clk 1:30:18]} 3. Nf3 {[%clk 1:30:22]} Nf6 {[%clk 1:30:20]} 4. e5
{[%clk 1:28:54]} dxe5 {[%clk 1:25:18]} 5. Nxe5 {[%clk 1:29:02]} Bg7
{[%clk 1:19:11]} 6. Bc4 {[%clk 1:28:44]} O-O {[%clk 1:19:29]} 7. O-O
{[%clk 1:28:06]} Nbd7 {[%clk 1:17:58]} 8. f4 {[%clk 1:26:49]} c5 {[%clk 1:13:46]}
9. Nxf7 {[%clk 1:23:51]} Rxf7 {[%clk 1:13:53]} 10. Bxf7+ {[%clk 1:24:12]} Kxf7
{[%clk 1:14:17]} 11. f5 {[%clk 1:24:19]} Qb6 {[%clk 1:09:38]} 12. fxg6+
{[%clk 1:23:33]} hxg6 {[%clk 1:10:01]} 13. dxc5 {[%clk 1:22:25]} Qxc5+
{[%clk 1:09:22]} 14. Kh1 {[%clk 1:22:36]} Ne5 {[%clk 1:09:21]} 15. Nc3
{[%clk 1:22:04]} Bf5 {[%clk 1:07:18]} 16. Bg5 {[%clk 1:21:59]} Rh8
{[%clk 1:02:17]} 17. Rf4 {[%clk 1:17:20]} Neg4 {[%clk 1:00:46]} 18. Qd4
{[%clk 1:15:18]} Qxd4 {[%clk 0:59:34]} 19. Rxd4 {[%clk 1:15:45]} Nh7
{[%clk 0:59:57]} 20. Rxg4 {[%clk 1:14:44]} Bxg4 {[%clk 1:00:14]} 21. Rf1+
{[%clk 1:14:52]} Nf6 {[%clk 1:00:00]} 22. Nd5 {[%clk 1:14:32]} Bf5
{[%clk 0:59:48]} 23. c4 {[%clk 1:14:11]} Nxd5 {[%clk 0:59:38]} 24. cxd5
{[%clk 1:14:24]} Bf6 {[%clk 1:00:00]} 25. Be3 {[%clk 1:14:21]} Rd8
{[%clk 1:00:13]} 26. Bxa7 {[%clk 1:14:28]} Rxd5 {[%clk 1:00:37]} 27. b4
{[%clk 1:13:20]} Rd2 {[%clk 1:00:56]} 28. a4 {[%clk 1:13:22]} Be4
{[%clk 1:01:21]} 29. Bf2 {[%clk 1:13:11]} Bd3 {[%clk 1:01:32]} 30. Be3
{[%clk 1:12:40]} Ra2 {[%clk 1:01:53]} 31. Rd1 {[%clk 1:12:30]} Be4
{[%clk 1:02:15]} 32. Rd2 {[%clk 1:11:16]} Ra1+ {[%clk 1:01:54]} 33. Bg1
{[%clk 1:11:32]} Bc3 {[%clk 1:02:04]} 34. Rd8 {[%clk 1:10:58]} Bxb4
{[%clk 1:02:23]} 0-1

[Event "Fajr-urmia"]
[Site "urmia"]
[Date "2015.02.19"]
[Round "3.4"]
[White "Biabani, Hadi"]
[Black "Guliev, Logman"]
[Result "0-1"]
[LiveChessVersion "1.4.4"]
[BlackElo "2389"]
[WhiteElo "1617"]

1. d4 {[%clk 1:29:35]} Nf6 {[%clk 1:30:51]} 2. Nf3 {[%clk 1:29:50]} e6
{[%clk 1:31:12]} 3. c4 {[%clk 1:30:12]} d5 {[%clk 1:31:27]} 4. Nc3
{[%clk 1:30:24]} Be7 {[%clk 1:31:48]} 5. e3 {[%clk 1:30:03]} O-O {[%clk 1:32:07]}
6. Bd3 {[%clk 1:30:23]} b6 {[%clk 1:32:20]} 7. cxd5 {[%clk 1:30:41]} exd5
{[%clk 1:32:22]} 8. O-O {[%clk 1:30:52]} Bg4 {[%clk 1:30:54]} 9. Be2
{[%clk 1:30:58]} Nbd7 {[%clk 1:27:11]} 10. Qb3 {[%clk 1:27:05]} Bxf3
{[%clk 1:19:17]} 11. Bxf3 {[%clk 1:27:06]} c6 {[%clk 1:19:45]} 12. Bd2
{[%clk 1:21:57]} Bd6 {[%clk 1:18:52]} 13. e4 {[%clk 1:15:07]} dxe4
{[%clk 1:18:59]} 14. Nxe4 {[%clk 1:15:02]} Nxe4 {[%clk 1:19:07]} 15. Bxe4
{[%clk 1:15:26]} Qh4 {[%clk 1:15:06]} 16. f4 {[%clk 1:14:23]} Rac8
{[%clk 1:10:56]} 17. Rf3 {[%clk 1:10:12]} g6 {[%clk 1:08:38]} 18. Rc1
{[%clk 1:02:20]} c5 {[%clk 1:07:18]} 19. Rh3 {[%clk 0:57:03]} Qf6
{[%clk 1:05:16]} 20. d5 {[%clk 0:36:41]} Bxf4 {[%clk 0:56:39]} 21. Bxf4
{[%clk 0:28:21]} Qxf4 {[%clk 0:56:49]} 22. Qc2 {[%clk 0:26:41]} Rfe8
{[%clk 0:55:03]} 23. Bd3 {[%clk 0:24:32]} c4 {[%clk 0:52:12]} 24. Bf1
{[%clk 0:22:13]} Ne5 {[%clk 0:52:02]} 25. Rd1 {[%clk 0:21:43]} b5
{[%clk 0:48:00]} 26. Qc3 {[%clk 0:21:36]} Ng4 {[%clk 0:40:51]} 27. d6
{[%clk 0:17:40]} Rcd8 {[%clk 0:39:13]} 28. g3 {[%clk 0:15:52]} Qf2+
{[%clk 0:39:12]} 29. Kh1 {[%clk 0:16:07]} Rxd6 {[%clk 0:39:00]} 30. Qc1
{[%clk 0:14:58]} Qf3+ {[%clk 0:39:08]} 0-1

[Event "Fajr-urmia"]
[Site "urmia"]
[Date "2015.02.19"]
[Round "3.5"]
[White "Valizadegan, Ebrahim"]
[Black "Chighladze, Iveri"]
[Result "0-1"]
[LiveChessVersion "1.4.4"]
[BlackElo "2338"]
[WhiteElo "1616"]

1. d4 {[%clk 1:30:55]} d5 {[%clk 1:30:03]} 2. Nf3 {[%clk 1:31:18]} Nf6
{[%clk 1:30:28]} 3. c4 {[%clk 1:31:29]} e6 {[%clk 1:30:48]} 4. g3
{[%clk 1:31:34]} Bb4+ {[%clk 1:28:17]} 5. Bd2 {[%clk 1:29:17]} Be7
{[%clk 1:28:40]} 6. Bg2 {[%clk 1:27:40]} O-O {[%clk 1:29:03]} 7. c5
{[%clk 1:17:21]} b6 {[%clk 1:28:40]} 8. b4 {[%clk 1:15:12]} a5 {[%clk 1:27:42]}
9. cxb6 {[%clk 1:12:37]} axb4 {[%clk 1:27:38]} 10. bxc7 {[%clk 1:10:25]} Qxc7
{[%clk 1:28:03]} 11. Bf4 {[%clk 1:10:32]} Qb6 {[%clk 1:27:55]} 12. Nbd2
{[%clk 1:10:11]} Nc6 {[%clk 1:27:57]} 13. Be3 {[%clk 1:02:37]} Ng4
{[%clk 1:23:09]} 14. O-O {[%clk 1:01:36]} Nxe3 {[%clk 1:21:56]} 15. fxe3
{[%clk 1:02:00]} Ra3 {[%clk 1:21:44]} 16. Nb3 {[%clk 1:00:19]} Ba6
{[%clk 1:21:55]} 17. Kh1 {[%clk 0:58:49]} Bb5 {[%clk 1:21:37]} 18. Ne1
{[%clk 0:52:37]} Rfa8 {[%clk 1:19:50]} 19. e4 {[%clk 0:47:01]} Bc4
{[%clk 1:18:33]} 20. Nc2 {[%clk 0:39:50]} Rxa2 {[%clk 1:17:26]} 21. Rb1
{[%clk 0:37:59]} Qb5 {[%clk 1:16:05]} 22. Re1 {[%clk 0:36:38]} Bxb3
{[%clk 1:06:31]} 23. Rxb3 {[%clk 0:36:54]} Qa4 {[%clk 1:06:44]} 24. Ne3
{[%clk 0:23:27]} Nxd4 {[%clk 1:05:28]} 25. Rd3 {[%clk 0:23:15]} Ra1
{[%clk 1:05:37]} 26. Qd2 {[%clk 0:23:20]} Nb3 {[%clk 1:04:39]} 27. Rxa1
{[%clk 0:21:44]} Qxa1+ {[%clk 1:05:02]} 28. Qd1 {[%clk 0:22:05]} Nc5
{[%clk 1:05:23]} 29. Rd4 {[%clk 0:17:09]} Qc3 {[%clk 1:04:33]} 30. Qd2
{[%clk 0:15:43]} Ra1+ {[%clk 1:04:31]} 31. Nd1 {[%clk 0:15:20]} Nb3
{[%clk 1:04:45]} 32. Qxc3 {[%clk 0:14:44]} bxc3 {[%clk 1:05:09]} 0-1

[Event "Fajr-urmia"]
[Site "urmia"]
[Date "2015.02.19"]
[Round "3.6"]
[White "Darban, Morteza"]
[Black "Norooz, Melika"]
[Result "1-0"]
[LiveChessVersion "1.4.4"]
[BlackElo "1568"]
[WhiteElo "2334"]

1. Nf3 {[%clk 1:30:27]} Nf6 {[%clk 1:30:51]} 2. g3 {[%clk 1:29:50]} e6
{[%clk 1:30:11]} 3. Bg2 {[%clk 1:30:14]} d5 {[%clk 1:29:08]} 4. O-O
{[%clk 1:30:38]} Bd6 {[%clk 1:29:03]} 5. d4 {[%clk 1:30:04]} Nbd7
{[%clk 1:28:32]} 6. c4 {[%clk 1:30:23]} c6 {[%clk 1:28:35]} 7. Nbd2
{[%clk 1:30:50]} O-O {[%clk 1:27:24]} 8. Qc2 {[%clk 1:31:06]} e5 {[%clk 1:20:03]}
9. cxd5 {[%clk 1:30:23]} Nxd5 {[%clk 1:11:21]} 10. Nc4 {[%clk 1:29:43]} Qe7
{[%clk 1:09:14]} 11. Nxd6 {[%clk 1:26:06]} Qxd6 {[%clk 1:09:39]} 12. Rd1
{[%clk 1:18:57]} Qe7 {[%clk 1:01:44]} 13. e4 {[%clk 1:11:02]} N5b6
{[%clk 0:45:13]} 14. b3 {[%clk 1:07:50]} Re8 {[%clk 0:38:06]} 15. a4
{[%clk 1:03:59]} a5 {[%clk 0:35:37]} 16. Be3 {[%clk 1:01:58]} exd4
{[%clk 0:20:01]} 17. Nxd4 {[%clk 1:02:06]} Ra6 {[%clk 0:14:48]} 18. Nf5
{[%clk 1:00:32]} Qf8 {[%clk 0:09:12]} 19. Rd2 {[%clk 0:38:04]} Rd8
{[%clk 0:03:21]} 20. Rad1 {[%clk 0:36:52]} f6 {[%clk 0:02:35]} 21. Bf1
{[%clk 0:36:56]} Qe8 {[%clk 0:01:14]} 22. Bxa6 {[%clk 0:37:11]} bxa6
{[%clk 0:01:42]} 23. Bxb6 {[%clk 0:37:33]} 1-0

[Event "Fajr-urmia"]
[Site "urmia"]
[Date "2015.02.19"]
[Round "3.7"]
[White "Kord, Soleyman"]
[Black "Gholami, Aryan"]
[Result "0-1"]
[LiveChessVersion "1.4.4"]
[BlackElo "2325"]
[WhiteElo "1570"]

1. Nf3 {[%clk 1:28:21]} Nf6 {[%clk 1:30:33]} 2. g3 {[%clk 1:28:33]} g6
{[%clk 1:30:34]} 3. Bg2 {[%clk 1:28:34]} Bg7 {[%clk 1:30:58]} 4. O-O
{[%clk 1:28:43]} O-O {[%clk 1:31:18]} 5. d3 {[%clk 1:28:56]} d5 {[%clk 1:30:57]}
6. Nc3 {[%clk 1:27:21]} d4 {[%clk 1:30:05]} 7. Na4 {[%clk 1:25:54]} Nd5
{[%clk 1:25:18]} 8. Bd2 {[%clk 1:22:31]} e5 {[%clk 1:22:59]} 9. Rb1
{[%clk 1:20:47]} c6 {[%clk 1:19:46]} 10. c4 {[%clk 1:20:10]} Nc7 {[%clk 1:18:34]}
11. b4 {[%clk 1:18:25]} f5 {[%clk 1:18:38]} 12. Bg5 {[%clk 1:15:20]} Qe8
{[%clk 1:18:39]} 13. Qd2 {[%clk 1:11:28]} f4 {[%clk 1:18:18]} 14. gxf4
{[%clk 1:09:19]} h6 {[%clk 1:18:30]} 15. Bh4 {[%clk 1:09:01]} exf4
{[%clk 1:18:56]} 16. Nc5 {[%clk 1:05:24]} g5 {[%clk 1:18:55]} 17. Nxg5
{[%clk 1:04:54]} hxg5 {[%clk 1:19:10]} 18. Bxg5 {[%clk 1:05:03]} Qe5
{[%clk 1:18:01]} 19. Ne4 {[%clk 1:03:29]} Bg4 {[%clk 1:15:12]} 20. f3
{[%clk 0:58:28]} Bh5 {[%clk 1:14:58]} 21. Kf2 {[%clk 0:52:34]} Bg6
{[%clk 1:14:38]} 22. h4 {[%clk 0:52:08]} Bxe4 {[%clk 1:14:34]} 23. dxe4
{[%clk 0:48:44]} Ne6 {[%clk 1:10:00]} 24. Rh1 {[%clk 0:45:56]} Nxg5
{[%clk 1:06:39]} 25. hxg5 {[%clk 0:46:09]} Kf7 {[%clk 1:06:56]} 26. Rh5
{[%clk 0:45:28]} Ke7 {[%clk 1:06:38]} 27. Rbh1 {[%clk 0:44:24]} Nd7
{[%clk 1:05:49]} 28. g6 {[%clk 0:43:46]} Qd6 {[%clk 1:04:26]} 29. Rg5
{[%clk 0:41:31]} Rh8 {[%clk 1:01:20]} 30. Rh7 {[%clk 0:36:16]} Rxh7
{[%clk 1:00:42]} 31. gxh7 {[%clk 0:36:37]} Qf6 {[%clk 1:01:03]} 32. Rh5
{[%clk 0:34:40]} Qg6 {[%clk 1:00:29]} 33. Rh3 {[%clk 0:34:46]} Be5
{[%clk 1:00:36]} 34. Qd1 {[%clk 0:34:15]} Rh8 {[%clk 1:00:53]} 35. Qh1
{[%clk 0:33:33]} Nf6 {[%clk 1:00:28]} 36. Kf1 {[%clk 0:32:19]} Rxh7
{[%clk 0:59:36]} 37. Rxh7+ {[%clk 0:31:51]} Qxh7 {[%clk 0:58:08]} 38. Qxh7+
{[%clk 0:27:48]} Nxh7 {[%clk 0:58:29]} 39. Bh3 {[%clk 0:28:06]} b6
{[%clk 0:58:04]} 40. Bc8 {[%clk 0:26:48]} Bd6 {[%clk 0:56:39]} 41. b5
{[%clk 0:26:28]} cxb5 {[%clk 0:55:44]} 42. cxb5 {[%clk 0:26:47]} Ng5
{[%clk 0:54:42]} 43. Ke1 {[%clk 0:26:22]} Nf7 {[%clk 0:54:59]} 44. Kd2
{[%clk 0:25:44]} Ne5 {[%clk 0:55:25]} 45. Kc2 {[%clk 0:25:08]} d3+
{[%clk 0:54:21]} 46. exd3 {[%clk 0:24:49]} Nxf3 {[%clk 0:54:50]} 47. Bh3
{[%clk 0:23:51]} Be5 {[%clk 0:54:57]} 48. a4 {[%clk 0:21:55]} Kd6
{[%clk 0:54:56]} 49. Kb3 {[%clk 0:20:44]} Kc5 {[%clk 0:55:18]} 50. a5
{[%clk 0:12:54]} bxa5 {[%clk 0:55:31]} 51. Ka4 {[%clk 0:13:07]} Bc7
{[%clk 0:55:54]} 52. Bf5 {[%clk 0:10:28]} Kd4 {[%clk 0:56:19]} 53. Bg6
{[%clk 0:10:14]} Ne5 {[%clk 0:56:37]} 54. Bh5 {[%clk 0:09:35]} Kxd3
{[%clk 0:56:59]} 55. Bd1 {[%clk 0:08:57]} f3 {[%clk 0:57:18]} 0-1

[Event "Fajr-urmia"]
[Site "urmia"]
[Date "2015.02.20"]
[Round "4.1"]
[White "Grabliauskas, Virginijus"]
[Black "Mirzoev, Azer"]
[Result "0-1"]
[LiveChessVersion "1.4.4"]
[BlackElo "2556"]
[WhiteElo "2323"]

1. c4 {[%clk 1:30:55]} e6 {[%clk 1:29:51]} 2. d4 {[%clk 1:31:01]} d5
{[%clk 1:30:18]} 3. Nc3 {[%clk 1:31:20]} Nf6 {[%clk 1:30:43]} 4. Bg5
{[%clk 1:31:29]} Be7 {[%clk 1:31:05]} 5. e3 {[%clk 1:30:40]} h6 {[%clk 1:31:22]}
6. Bh4 {[%clk 1:31:03]} O-O {[%clk 1:31:43]} 7. Nf3 {[%clk 1:31:11]} Nbd7
{[%clk 1:31:56]} 8. Qc2 {[%clk 1:31:12]} c6 {[%clk 1:30:39]} 9. a3 b6
{[%clk 1:30:28]} 10. cxd5 {[%clk 1:30:07]} cxd5 {[%clk 1:29:21]} 11. Bd3
{[%clk 1:28:57]} Bb7 {[%clk 1:29:40]} 12. O-O {[%clk 1:28:01]} Rc8
{[%clk 1:29:54]} 13. Nd2 {[%clk 1:23:28]} a6 {[%clk 1:26:42]} 14. Rfc1
{[%clk 1:19:31]} b5 {[%clk 1:26:24]} 15. b4 {[%clk 1:01:39]} e5 {[%clk 1:04:07]}
16. Qd1 {[%clk 0:44:19]} exd4 {[%clk 0:51:09]} 17. exd4 {[%clk 0:44:37]} Re8
{[%clk 0:51:21]} 18. Ne2 {[%clk 0:23:14]} Nb6 {[%clk 0:47:23]} 19. Nb3
{[%clk 0:21:56]} Rxc1 {[%clk 0:47:31]} 20. Rxc1 {[%clk 0:21:41]} Ne4
{[%clk 0:45:08]} 21. Bxe7 {[%clk 0:20:05]} Qxe7 {[%clk 0:45:29]} 22. Nc5
{[%clk 0:19:39]} Bc8 {[%clk 0:45:26]} 23. Ng3 {[%clk 0:14:20]} Nd6
{[%clk 0:45:17]} 24. a4 {[%clk 0:11:19]} g6 {[%clk 0:45:12]} 25. axb5
{[%clk 0:11:32]} axb5 {[%clk 0:45:38]} 26. Be2 {[%clk 0:10:58]} h5
{[%clk 0:42:12]} 27. Bf3 {[%clk 0:10:41]} Qg5 {[%clk 0:42:12]} 28. Ne2
{[%clk 0:08:56]} Nbc4 {[%clk 0:39:20]} 29. Ra1 {[%clk 0:06:52]} Bg4
{[%clk 0:39:00]} 30. Bxg4 {[%clk 0:06:03]} hxg4 {[%clk 0:38:59]} 31. Nc3
{[%clk 0:05:00]} Kg7 {[%clk 0:37:39]} 32. Qc1 {[%clk 0:03:49]} Qf5
{[%clk 0:36:46]} 33. Qb1 {[%clk 0:02:49]} Qh5 {[%clk 0:26:13]} 34. Qc1
{[%clk 0:02:19]} Rh8 {[%clk 0:21:39]} 35. Qf4 {[%clk 0:02:06]} g5
{[%clk 0:21:47]} 36. Qg3 {[%clk 0:01:36]} Nf5 {[%clk 0:20:23]} 37. Qc7
{[%clk 0:01:59]} Ncd6 {[%clk 0:19:03]} 38. Ne6+ {[%clk 0:01:26]} Kg6
{[%clk 0:17:26]} 39. Re1 {[%clk 0:01:22]} Qxh2+ {[%clk 0:17:27]} 40. Kf1
{[%clk 0:01:51]} Re8 {[%clk 0:08:44]} 41. Nxd5 {[%clk 0:01:01]} Qh1+
{[%clk 0:08:53]} 42. Ke2 {[%clk 0:01:28]} Rxe6+ {[%clk 0:09:15]} 43. Ne3
{[%clk 0:01:55]} Qxg2 {[%clk 0:08:59]} 0-1

[Event "Fajr-urmia"]
[Site "urmia"]
[Date "2015.02.20"]
[Round "4.2"]
[White "Asgari, Morteza"]
[Black "Starostits, Ilmars"]
[Result "0-1"]
[LiveChessVersion "1.4.4"]
[BlackElo "2454"]
[WhiteElo "2193"]

1. e4 {[%clk 1:30:46]} b6 {[%clk 1:29:20]} 2. d4 {[%clk 1:30:50]} Bb7
{[%clk 1:29:44]} 3. Bd3 {[%clk 1:30:59]} e6 {[%clk 1:27:01]} 4. Nf3
{[%clk 1:31:03]} d6 {[%clk 1:27:14]} 5. c4 {[%clk 1:29:30]} Nd7 {[%clk 1:27:17]}
6. Nc3 {[%clk 1:29:12]} Ne7 {[%clk 1:26:54]} 7. O-O {[%clk 1:28:17]} g6
{[%clk 1:25:44]} 8. Bg5 {[%clk 1:27:05]} Bg7 {[%clk 1:24:43]} 9. Qd2
{[%clk 1:26:38]} O-O {[%clk 1:22:56]} 10. Bh6 {[%clk 1:25:19]} e5
{[%clk 1:21:27]} 11. d5 {[%clk 1:18:05]} a5 {[%clk 1:20:07]} 12. b3
{[%clk 1:17:17]} Nc5 {[%clk 1:19:39]} 13. Bc2 {[%clk 1:14:40]} f5
{[%clk 1:17:50]} 14. Bxg7 {[%clk 0:57:06]} Kxg7 {[%clk 1:18:13]} 15. a3
{[%clk 0:55:09]} h6 {[%clk 1:06:17]} 16. exf5 {[%clk 0:44:00]} Nxf5
{[%clk 1:05:50]} 17. b4 {[%clk 0:43:30]} Nd7 {[%clk 1:05:22]} 18. Rac1
{[%clk 0:36:50]} axb4 {[%clk 1:03:02]} 19. axb4 {[%clk 0:37:17]} Ra3
{[%clk 1:01:35]} 20. Nb5 {[%clk 0:36:18]} Rxf3 {[%clk 1:01:21]} 21. gxf3
{[%clk 0:36:45]} Nh4 {[%clk 1:00:43]} 22. Bd1 {[%clk 0:34:30]} Rf4
{[%clk 0:54:05]} 23. Kh1 {[%clk 0:33:45]} Nf6 {[%clk 0:53:40]} 24. Rc3
{[%clk 0:30:39]} Qd7 {[%clk 0:51:08]} 25. Rg1 {[%clk 0:23:23]} c6
{[%clk 0:49:51]} 26. dxc6 {[%clk 0:23:33]} Bxc6 {[%clk 0:50:02]} 27. Qxd6
{[%clk 0:19:12]} Qxd6 {[%clk 0:35:38]} 28. Nxd6 {[%clk 0:19:32]} Ng4
{[%clk 0:35:36]} 29. Rxg4 {[%clk 0:17:23]} Rxg4 {[%clk 0:35:14]} 30. Rd3
{[%clk 0:12:45]} Rf4 {[%clk 0:23:50]} 31. b5 {[%clk 0:12:58]} Ba8
{[%clk 0:23:30]} 32. Kg1 {[%clk 0:12:29]} Nxf3+ {[%clk 0:23:01]} 33. Bxf3
{[%clk 0:12:25]} Bxf3 {[%clk 0:23:24]} 34. c5 {[%clk 0:07:18]} bxc5
{[%clk 0:21:15]} 35. b6 {[%clk 0:06:48]} c4 {[%clk 0:20:03]} 36. Nxc4
{[%clk 0:04:53]} Rg4+ {[%clk 0:19:54]} 37. Kf1 {[%clk 0:05:21]} Bg2+
{[%clk 0:20:10]} 38. Ke2 {[%clk 0:02:32]} Rxc4 {[%clk 0:20:29]} 39. b7
{[%clk 0:03:01]} Rb4 {[%clk 0:20:30]} 40. Rd7+ {[%clk 0:03:08]} Kf6
{[%clk 0:20:56]} 41. f3 {[%clk 0:03:26]} Rb2+ {[%clk 0:20:52]} 42. Ke3
{[%clk 0:03:29]} Rb3+ {[%clk 0:21:17]} 43. Kf2 {[%clk 0:03:49]} Bh3
{[%clk 0:21:22]} 44. Rc7 {[%clk 0:03:47]} Be6 0-1

[Event "Fajr-urmia"]
[Site "urmia"]
[Date "2015.02.20"]
[Round "4.3"]
[White "Asgarizadeh, Ahmad"]
[Black "Mosadeghpour, Masoud"]
[Result "1-0"]
[LiveChessVersion "1.4.4"]
[BlackElo "2325"]
[WhiteElo "2424"]

1. e4 {[%clk 1:30:30]} e5 {[%clk 1:25:21]} 2. Nf3 {[%clk 1:29:56]} Nf6
{[%clk 1:25:42]} 3. Nxe5 {[%clk 1:30:02]} d6 {[%clk 1:26:05]} 4. Nf3
{[%clk 1:30:24]} Nxe4 {[%clk 1:26:28]} 5. Nc3 {[%clk 1:30:48]} Nxc3
{[%clk 1:26:50]} 6. dxc3 {[%clk 1:31:13]} Be7 {[%clk 1:27:14]} 7. Be3
{[%clk 1:31:39]} O-O {[%clk 1:27:35]} 8. Qd2 {[%clk 1:32:03]} c5 {[%clk 1:27:59]}
9. O-O-O {[%clk 1:25:09]} Be6 {[%clk 1:28:11]} 10. a3 {[%clk 1:20:45]} Nd7
{[%clk 1:28:32]} 11. h4 {[%clk 1:16:17]} Nf6 {[%clk 1:28:47]} 12. Ng5
{[%clk 1:12:31]} Bd5 {[%clk 1:23:45]} 13. f3 {[%clk 1:08:59]} Bc6
{[%clk 1:17:57]} 14. Bd3 {[%clk 1:03:46]} Re8 {[%clk 1:05:25]} 15. Qf2
{[%clk 0:52:15]} b5 {[%clk 1:02:38]} 16. g4 {[%clk 0:35:59]} a5 {[%clk 0:55:55]}
17. Nh3 {[%clk 0:23:00]} c4 {[%clk 0:32:19]} 18. Bf5 {[%clk 0:19:16]} b4
{[%clk 0:29:50]} 19. Bd4 {[%clk 0:13:02]} bxa3 {[%clk 0:22:31]} 20. bxa3
{[%clk 0:13:25]} Rb8 {[%clk 0:20:28]} 21. Kd2 {[%clk 0:11:07]} Nd7
{[%clk 0:14:56]} 22. Bxd7 {[%clk 0:10:55]} Bxd7 {[%clk 0:12:24]} 23. Nf4
{[%clk 0:10:36]} Bc6 {[%clk 0:04:15]} 24. Nh5 {[%clk 0:08:54]} Bf8
{[%clk 0:02:26]} 25. Rde1 {[%clk 0:07:59]} Qd7 {[%clk 0:01:35]} 26. Qg3
{[%clk 0:07:41]} Ba4 {[%clk 0:01:05]} 27. Rxe8 {[%clk 0:06:01]} Rxe8
{[%clk 0:00:53]} 28. Re1 {[%clk 0:03:47]} Re6 {[%clk 0:00:35]} 29. Rb1
{[%clk 0:02:10]} Qe8 {[%clk 0:00:36]} 30. Nf4 {[%clk 0:02:32]} Re7
{[%clk 0:00:58]} 31. h5 {[%clk 0:02:32]} Qc8 {[%clk 0:00:32]} 32. Nd5
{[%clk 0:02:34]} Re6 {[%clk 0:00:40]} 33. Qf4 {[%clk 0:02:21]} Qe8
{[%clk 0:00:45]} 34. Ne3 {[%clk 0:02:27]} h6 {[%clk 0:00:52]} 35. g5
{[%clk 0:01:51]} Kh7 {[%clk 0:00:32]} 36. Rg1 {[%clk 0:01:51]} g6
{[%clk 0:00:33]} 37. hxg6+ {[%clk 0:01:35]} fxg6 {[%clk 0:00:35]} 38. Rg2
{[%clk 0:01:23]} h5 {[%clk 0:00:35]} 39. Nd5 {[%clk 0:01:32]} Bg7
{[%clk 0:00:33]} 40. Nc7 {[%clk 0:01:03]} Be5 {[%clk 0:00:45]} 41. Qe3
{[%clk 0:00:46]} Qf7 {[%clk 0:00:32]} 42. Nxe6 {[%clk 0:01:01]} Qxe6
{[%clk 0:00:48]} 43. Qe4 {[%clk 0:00:34]} Qf7 {[%clk 0:00:34]} 44. Bxe5
{[%clk 0:00:51]} dxe5 {[%clk 0:00:59]} 45. Qxe5 {[%clk 0:00:45]} 1-0